Mi vida y mi cine

Αποθηκεύτηκε σε:
Λεπτομέρειες βιβλιογραφικής εγγραφής
Κύριος συγγραφέας: Renoir, Jean (Συγγραφέας)
Μορφή: Βιβλίο
Γλώσσα:Ισπανικά
Έκδοση: Madrid Akal 2011
Έκδοση:2a. ed
Σειρά:Akal Cine, 34
Θέματα:
Ετικέτες: Προσθήκη ετικέτας
Δεν υπάρχουν, Καταχωρήστε ετικέτα πρώτοι!

MARC

LEADER 00000cam a2200000 a 4500
001 UCF6699
003 CL-VaPUC
008 130516e20110000SP |||||||||||||||||spa|d
020 |a 9788446032052 
082 0 4 |a 791.4309  |b REN  |2 21 
100 0 |a Renoir, Jean  |e author  |9 450567 
245 1 0 |a Mi vida y mi cine 
250 |a 2a. ed 
300 |a 332 p 
942 |c BK 
945 |d 20130516 00:00:00  |a dcastane 
260 |a Madrid  |b Akal  |c 2011 
650 0 |a Directores de cine  |9 368705 
650 0 |a Autobiografías   |9 265171 
650 7 |a REALIZADORES CINEMATOGRAFICOS  |2 CL-VaPUC  |9 355120 
650 0 |a Cine  |9 225706 
583 |a last modification  |c 20130516 09:57:00  |k Rodrigo Vera 
490 0 |a Akal Cine, 34 
999 |c 351838  |d 351836 
952 |0 0  |1 0  |2 ddc  |4 0  |6 791_430900000000000_REN_2011  |7 0  |8 A  |9 456201  |a BIBART  |b BIBART  |d 2019-11-22  |i 4973224  |o 791.4309 REN 2011  |p 4973224  |r 2025-03-13  |w 2019-11-22  |y BK  |k ART